| 000 | 00929nam a2200289Ia 4500 | ||
|---|---|---|---|
| 001 | E7965 | ||
| 003 | IT-RoPAU | ||
| 008 | 130308s9999 xx 000 0 und d | ||
| 040 | _aIT-RoPAU | ||
| 040 | _cIT-RoPAU | ||
| 041 | _aINGLESE | ||
| 100 | _aHall Stuart | ||
| 100 | _gCodice Aut. SPICS: 10961 | ||
| 245 | _aRace, Culture, and Communications: Looking Backward and Forward at Cultural Studies | ||
| 245 | _bWhat Is Cultural Studies? a Reader | ||
| 250 | _a1a ed. | ||
| 260 | _aLONDON | ||
| 260 | _bArnold | ||
| 260 | _c1996 [1° Ed.:1992 - Ed.Ling.Originale:1992] | ||
| 300 | _a"14 p. (prefazione: no ; testo: 14 [pagine: 336-343])" | ||
| 500 | _aRazza, Cultura e Comunicazioni: guardare a Studi Culturali a Ritroso e in Avanti. Storia del Razzismo in Inghilterra. | ||
| 650 | _aSOCIOLOGIA DELLA COMUNICAZIONE SOCIALE | ||
| 650 | _eCodice materia Spics: 3806 | ||
| 942 | _cBK | ||
| 957 | _71 | ||
| 999 |
_c80485 _d80485 |
||
| 999 | _g1 | ||